Statistics for Premier League Teams by Stadium

Click here to take the quiz!

General Stats

  • This quiz has been taken 32 times
    (16 since last reset)
  • The average score is 17 of 20

Answer Stats

HintAnswer% Correct
EmiratesArsenal
100%
Stamford BridgeChelsea
100%
Old TraffordManchester United
100%
Villa ParkAston Villa
92%
Goodison ParkEverton
92%
AnfieldLiverpool
92%
EtihadManchester City
92%
Tottenham Hotspur StadiumTottenham Hotspur
92%
London StadiumWest Ham
92%
Amex StadiumBrighton & Hove Albion
85%
Selhurst ParkCrystal Palace
85%
Craven CottageFulham
85%
Elland RoadLeeds United
85%
King Power StadiumLeicester City
85%
Molineux StadiumWolverhampton Wonderers
85%
Turf MoorBurnley
77%
St James' ParkNewcastle
77%
The HawthornsWest Bromwich Albion
77%
Bramall LaneSheffield United
69%
St Mary'sSouthampton
69%

Score Distribution

Percentile by Number Answered

Percent of People with Each Score

Your Score History

You have not taken this quiz since the last reset